Terytoria zaatakowane przez państwa Osi - Statystyki

Ogólne statystyki
  • Ten quiz został rozwiązany 56 razy
  • Średni wynik to 19 z 46
Statystyki odpowiedzi
Podpowiedź Odpowiedź % Poprawnych
wrzesień 1931 (Japonia) Mandżuria (Chiny)
94%
wrzesień 1939 (Niemcy) Polska
88%
październik 1935 (Włochy) Abisynia
81%
marzec 1938 (Niemcy) Austria
69%
kwiecień 1940 (Niemcy) Dania
69%
kwiecień 1940 (Niemcy) Norwegia
69%
maj 1940 (Niemcy) Francja
66%
październik 1938 (Niemcy) Kraj Sudetów (Czechosłowacja)
66%
maj 1940 (Niemcy) Belgia
63%
maj 1940 (Niemcy) Holandia
63%
maj 1940 (Niemcy) Luksemburg
63%
czerwiec 1941 (Niemcy, Włochy, Rumunia, Węgry, Finlandia, Słowacja) Związek Radziecki
56%
marzec 1939 (Niemcy) Czechy
53%
luty 1936 (Japonia) Mongolia Wewnętrzna (Chiny)
53%
kwiecień 1939 (Włochy) Albania
50%
kwiecień 1941 (Niemcy) Jugosławia
50%
czerwiec 1940 (Włochy) Francja
47%
grudzień 1941 (Japonia) Hawaje (Stany Zjednoczone)
47%
lipiec 1940 (Japonia) Indochiny Francuskie (Imperium Francuskie)
47%
kwiecień 1941 (Niemcy) Grecja
44%
październik 1940 (Włochy) Grecja
41%
kwiecień 1941 (Bułgaria) Grecja
41%
kwiecień 1941 (Węgry) Jugosławia
41%
kwiecień 1941 (Włochy) Jugosławia
41%
kwiecień 1941 (Bułgaria) Jugosławia
41%
lipiec 1940 (Włochy) Kenia (Imperium Brytyjskie)
41%
grudzień 1941 (Japonia) Filipiny (Stany Zjednoczone)
34%
listopad 1942 (Niemcy, Włochy) Francja Vichy
31%
grudzień 1941 (Japonia) Malaje (Imperium Brytyjskie)
31%
grudzień 1941 (Japonia) Birma (Imperium Brytyjskie)
28%
grudzień 1941 (Japonia) Holenderskie Indie Wschodnie (Imperium Holenderskie)
28%
sierpień 1940 (Włochy) Somalii Brytyjskie (Imperium Brytyjskie)
28%
lipiec 1940 (Włochy) Sudan (Imperium Brytyjskie)
28%
marzec 1939 (Niemcy) Okręg Kłajpedy (Litwa)
25%
styczeń 1942 (Japonia) Singapur (Imperium Brytyjskie)
22%
marzec 1935 (Niemcy) Terytorium Saary
22%
wrzesień 1943 (Niemcy) Królestwo Włoch (po stronie aliantów)
19%
wrzesień 1940 (Włochy) Egipt
16%
grudzień 1941 (Japonia) Hong Kong (Imperium Brytyjskie)
16%
sierpień 1944 (Niemcy) Rumunia
16%
sierpień 1944 (Niemcy) Słowacja
13%
marzec 1944 (Niemcy) Węgry
13%
grudzień 1941 (Japonia) Chiny
9%
wrzesień 1943 (Niemcy) Albania (Włochy)
6%
wrzesień 1943 (Niemcy) Grecja (Włochy)
6%
wrzesień 1943 (Niemcy) Czarnogóra (Włochy)
3%
Nie znaleziono quizów pasujących do podanych kryteriów
Rozkład punktacji
Procent ludzi z każdym wynikiem
Percentyl według liczby udzielonych odpowiedzi
Twoja historia wyników
Nie rozwiązałeś tego quizu